Estrategias de desarrollo y equidad social /

Para el autor la protección social requiere políticas explícitas, políticas activas de parte del Estado, que deben tener como objetivo dos aspectos convergentes. En primer lugar, esas políticas deben tender a incrementar el PBI, ya que en última instancia el desarrollo es el incremento total de la r...

Descrizione completa

Salvato in:
Dettagli Bibliografici
Autore principale: Schvarzer, Jorge
Natura: testo
Soggetti:
Tags: Aggiungi Tag
Nessun Tag, puoi essere il primo ad aggiungerne!!

MARC

LEADER 00000 a a2200000 04500
001 40949
003
040
100 |a Schvarzer, Jorge  
245 |a Estrategias de desarrollo y equidad social /  |c Jorge Schvarzer  
520 |a Para el autor la protección social requiere políticas explícitas, políticas activas de parte del Estado, que deben tener como objetivo dos aspectos convergentes. En primer lugar, esas políticas deben tender a incrementar el PBI, ya que en última instancia el desarrollo es el incremento total de la riqueza producida en una sociedad. Esta condición es importante para la equidad social pero no es una condición suficiente, porque el desarrollo no siempre asegura la equidad. De allí que la segunda condición sea hacer política para último objetivo.  
590 |a RRA/JULIO2011  
650 |a 1.SEGURIDAD SOCIAL  
650 |a 2.CRECIMIENTO ECONOMICO  
650 |a 3.ARGENTINA  
773 |g páginas 271-277  
999 |c 32930  |d 32930